ბათუმის შოთა რუსთაველის სახელმწიფო უნივერსიტეტის ბიბლიოთეკა

Гидравлика и гидравлические машины. (ბიბ.ჩანაწერი № 50857)

000 -LEADER
fixed length control field 00683nam a2200217Ia 4500
001 - CONTROL NUMBER
control field 17812
003 - CONTROL NUMBER IDENTIFIER
control field GE_BSU
008 - FIXED-LENGTH DATA ELEMENTS--GENERAL INFORMATION
fixed length control field 181216s||||||||xx |||||||||||||| ||und||
040 ## - CATALOGING SOURCE
Transcribing agency GE_BSU
080 ## - UNIVERSAL DECIMAL CLASSIFICATION NUMBER
Universal Decimal Classification number 621.22(075.8)
100 ## - MAIN ENTRY--PERSONAL NAME
Personal name Учигус,А.А.
245 ## - TITLE STATEMENT
Title Гидравлика и гидравлические машины.
245 ## - TITLE STATEMENT
Statement of responsibility, etc. Ред. А.С.Нестеренко.
250 ## - EDITION STATEMENT
Edition statement 3-е изд., перераб.
260 ## - PUBLICATION, DISTRIBUTION, ETC.
Place of publication, distribution, etc. Харьков.
260 ## - PUBLICATION, DISTRIBUTION, ETC.
Name of publisher, distributor, etc. Изд-во Харьковского ун-та.
260 ## - PUBLICATION, DISTRIBUTION, ETC.
Date of publication, distribution, etc. 1966.
300 ## - PHYSICAL DESCRIPTION
Extent 399 стр. с илл. 21 см.
653 ## - INDEX TERM--UNCONTROLLED
Uncontrolled term Гидравлика и гидравлические машины.
942 ## - ADDED ENTRY ELEMENTS (KOHA)
Koha item type წიგნი
ეგზემპლარები
Withdrawn status Lost status Damaged status Not for loan Date acquired Barcode Date last seen Price effective from Koha item type
        2018-12-17 10689 2018-12-17 2018-12-17 წიგნი